| 000 | 00506nam a2200217Ia 4500 | ||
|---|---|---|---|
| 003 | 0100 | ||
| 008 | 130303s9999 xx 000 0 und d | ||
| 020 | _a0300044305 | ||
| 040 | _cARRUPELIB | ||
| 050 | _aB3313.A43L36 1986 | ||
| 100 | _aLampert, Laurence | ||
| 245 | _aNietzsche's teaching | ||
| 245 | _ban interpretation of Thus spoke Zarathustra | ||
| 260 | _aNew Haven | ||
| 260 | _bYale UP | ||
| 260 | _C1986 | ||
| 300 | _a378p. | ||
| 300 | _b 23cm | ||
| 650 | _aPHILOSOPHY | ||
| 942 | 0 | 0 | _02 |
| 999 |
_c22885 _d22885 |
||